C# Concisely /

Salvato in:
Dettagli Bibliografici
Autori principali: Bishop Judith (Autore), Horspool Nigel (Autore)
Natura: Libro
Lingua:inglese
Pubblicazione: Harlow: Pearson Education Limited, 2004
Soggetti:
Tags: Aggiungi Tag
Nessun Tag, puoi essere il primo ad aggiungerne!!

MARC

LEADER 00000nam a22000003a 4500
001 0082082
003 SK-STU
005 20200626105756.0
007 ta
008 200626s ----xo-----e------000-0-----d
020 |a 0-321-15418-5 
040 |a STU  |b slo 
041 0 |a eng 
044 |a xxk 
100 1 |a Bishop Judith  |4 aut  |r Z6 
245 1 0 |a C# Concisely /  |c aut. Bishop Judith, Horspool Nigel 
260 |a Harlow:   |b Pearson Education Limited,  |c 2004 
300 |a 442 s. 
650 0 7 |a programovací jazyk C# 
700 1 |a Horspool Nigel  |r Z6  |4 aut 
996 |c I*16PJ13748  |l I  |s A  |a 24  |w 0082082_0001